Globalization: (Record no. 35033)

MARC details
000 -LEADER
fixed length control field 00810nam a22002177a 4500
005 - DATE AND TIME OF LATEST TRANSACTION
control field 2010040300420.0
008 - FIXED-LENGTH DATA ELEMENTS--GENERAL INFORMATION
fixed length control field 100403t xxu||||| |||| 00| 0 eng d
020 ## - INTERNATIONAL STANDARD BOOK NUMBER
International Standard Book Number 9788180695117
Terms of availability 1000.00
037 ## - SOURCE OF ACQUISITION
Source of stock number/acquisition PUB
040 ## - CATALOGING SOURCE
Original cataloging agency dpl
Language of cataloging English
082 ## - DEWEY DECIMAL CLASSIFICATION NUMBER
Classification number 338.954
100 ## - MAIN ENTRY--PERSONAL NAME
Personal name Palanithurai, G.
245 ## - TITLE STATEMENT
Title Globalization:
Remainder of title issues at the grassroots /
Statement of responsibility, etc by G. Palanithurai [and] R. Ramesh
260 ## - PUBLICATION, DISTRIBUTION, ETC. (IMPRINT)
Place of publication, distribution, etc New Delhi
Name of publisher, distributor, etc Concept Publishing
Date of publication, distribution, etc 2008
270 ## - ADDRESS
Address A/15-16, Commercial Block, Mohan Garden
City New Delhi
Postal code 110059
300 ## - PHYSICAL DESCRIPTION
Extent xviii, 380p.
Dimensions 25cm(Hb)
500 ## - GENERAL NOTE
General note Includes references and index
700 ## - ADDED ENTRY--PERSONAL NAME
Personal name Ramesh, R.
942 ## - ADDED ENTRY ELEMENTS (KOHA)
Source of classification or shelving scheme Dewey Decimal Classification
Item type Reference Books
Classification part 338.954
Call number suffix PAL
Holdings
Withdrawn status Lost status Source of classification or shelving scheme Damaged status Not for loan Collection code Home library Current library Date acquired Cost, normal purchase price Total Checkouts Full call number Date last seen Cost, replacement price Koha item type
    Dewey Decimal Classification   Ordered Reference Andrews Gunj Andrews Gunj 03/04/2010 1000.00   338.954 PAL 03/04/2010 1000.00 English Books

© Delhi Public Library
Hit Counter
free hit counter